000 00698cab a2200217 4500
001 X3689
008 090401t1996 xxu||||| |||| 00| 0 eng d
035 _a(Sirsi) u32157
041 _aeng
245 _aRate relief for village shops questioned
260 _c1996
350 _a0
490 _aCSM (Chartered Surveyor Monthly)
_v5(10) July/August 1996, 6(1)
520 _aRICS has expressed concern that without adequate safeguards the proposed rate relief scheme for village shops may benefit landlords rather than the tenants.
650 _aRATE RELIEF
650 _aRURAL BUSINESSES
650 _aVILLAGE SHOPS
690 _aRATING AND VALUATION
942 _n0
948 _c04/03/1997
999 _c21579
_d21579